00810nam a2200241Ia 450000100060000000300090000600800410001504000130005604000130006904100120008210000180009410000290011224500330014124500420017425000110021626000110022726000230023826000490026130000560031050001310036665000400049765000310053757416IT-RoPAU130308s9999 xx 000 0 und d aIT-RoPAU cIT-RoPAU aINGLESE aDanielou Jean gCodice Aut. SPICS: 17590 aCrisis in Intelligence (The) bMedia Of Communication-Art And Morals a1a ed. aLONDON bSociety Of St Paul c1970 [1° Ed.:1970 - Ed.Ling.Originale:1970] a"43 p. (prefazione: 6; testo: 37 [pagine: 75-111])" aCrisi dell'Intelligenza Scienza e Cultura Relativismo e soggettivismo Crisi di Confidenza Responsabilità degli Intellettuali aCOMMENTI AI DOCUMENTI ECCLESIASTICI eCodice materia Spics: 9102